100 m olympiavoittajat - Statistics

Yleistilastot
  • Tätä visaa on pelattu 53 kertaa
  • Keskiarvotulos 11 / 50
Vastaustilastot
% Oikein
M 2008 Usain Bolt
100%
M 2012 Usain Bolt
100%
M 2016 Usain Bolt
100%
M 1984 Carl Lewis
65%
M 1988 Carl Lewis
65%
N 2012 Shelly-Ann Fraser-Pryce
46%
M 2004 Justin Gatlin
46%
N 2008 Shelly-Ann Fraser
46%
M 1992 Linford Christie
41%
M 1996 Donovan Bailey
39%
M 1936 Jesse Owens
39%
M 2000 Maurice Greene
37%
N 1988 Florence Griffith-Joyner
30%
N 2020 Elaine Thompson-Herah
28%
N 2016 Elaine Thompson
28%
M 2020 Marcell Jacobs
28%
N 1952 Marjorie Jackson
28%
N 1992 Gail Devers
17%
N 1996 Gail Devers
17%
M 1972 Valeri Borzov
15%
M 1980 Allan Wells
13%
M 1976 Hasely Crawford
13%
M 1968 Jim Hines
13%
M 1960 Armin Hary
11%
M 1964 Bob Hayes
11%
N 1984 Evelyn Ashford
11%
N 1960 Wilma Rudolph
11%
M 1928 Percy Williams
9%
N 1956 Betty Cuthbert
7%
M 1920 Charlie Paddock
7%
N 1976 Annegret Richter
7%
N 1980 Ljudmila Kondratjeva
7%
M 1932 Eddie Tolan
7%
N 1948 Fanny Blankers-Koen
7%
M 1924 Harold Abrahams
7%
M 1948 Harrison Dillard
7%
M 1952 Lindy Remigino
7%
N 1972 Renate Stecher
7%
M 1896 Tom Burke
7%
N 1964 Wyomia Tyus
7%
N 1968 Wyomia Tyus
7%
M 1904 Archie Hahn
4%
M 1956 Bobby Joe Morrow
4%
M 1908 Reggie Walker
4%
N 1928 Betty Robinson
0%
N 2004 Julija Nestsjarenka
0%
N 1932 Stanislawa Walasiewicz
0%
M 1900 Frank Jarvis
0%
N 1936 Helen Stephens
0%
M 1912 Ralph Craig
0%
Ehtoja vastaavia visoja ei löytynyt
Tulosjakauma
Jokaisen tuloksen saaneiden osuus
Persentiili vastausten määrän mukaan
Tuloshistoriasi
Et ole pelannut tätä visaa